000 01440cam a22003015a 4500
001 L158129
008 140728s2014 xxk f 000 0 eng d
035 _a(Sirsi) u158129
041 0 _aeng
110 2 _aRoyal Institution of Chartered Surveyors
_94900
240 _aBlue Book
245 0 0 _aAddendum for the RICS UK Residential Property Standards (the Blue Book) 5th edition
_bJuly 2014
260 _aLondon
_bRICS
_c2014
490 _aRICS Blue Book
520 _aJuly 2014 addendum updates various legal aspects of the 5th edition 2011 to take into account changes made by the repeal of the Property Misdescriptions Act 1991 in October 2013, the Business Protection from Misleading Marketing Regulations 2008 and the Enterprise and Regulatory Reform Act 2013. To be read in conjunction with June 2013 addendum L157909 and the 5th edition 2011 L154346.
590 _aKA
650 2 4 _aBLUE BOOK
650 2 4 _aPROPERTY MISDESCRIPTIONS ACT 1991
650 2 4 _aCONSUMER PROTECTION FROM UNFAIR TRADING REGULATIONS 2008
650 2 4 _aENERGY ACT 2011
650 2 4 _aENERGY PERFORMANCE OF BUILDINGS (ENGLAND AND WALES) REGULATIONS 2012
650 2 4 _aRICS UK RESIDENTIAL PROPERTY STANDARDS 5TH EDITION
650 2 4 _aBUSINESS PROTECTION FROM MISLEADING MARKETING REGULATIONS 2008
650 2 4 _aENTERPRISE AND REGULATORY REFORM ACT 2013
651 4 _aUnited Kingdom
690 _aResidential property
_96266
942 _n0
_2ddc
999 _c115160
_d115160